000 00629nam a22001577a 4500
008 170309b xxu||||| |||| 00| 0 eng d
082 _22016
_aUT 0694
_bAf83
100 _919245
_aAfrica, Windilyn T.
245 _aCharacterizing Students conceptual and procedural Knowledge in Mathematics.
_cWindilyn T. Africa, Queen jelly Janevie N. Antecristo and Ginie Guy G. Sanico.
300 _a54 pages;
_b29 cm.
650 0 _919246
_aEducation
_vMathematics
_xUndergraduate Thesis.
700 _919247
_aAfrica, Windilyn T.
700 _919248
_aAntecristo, queen Jelly Janevie N.
700 _919249
_aSanico, Ginie Guy G.
942 _2ddc
_cUT
999 _c6385
_d6385